000
00245nam a2200109Ia 4500
008
200302s9999 xx 000 0 und d
100
_a
Joy Sen
245
_a
Sustainable Urban Planning
260
_b
Teri Press
260
_c
2013
300
_a
314 P.,
999
_c
5396
_d
5396